000 01220nam a2200217Ia 4500
003 Ost
005 20260507075117.0
008 260507s9999||||xx |||||||||||||| ||und||
040 _cfsecg
041 _aara
082 _a338.09
100 _aأحمد، فتحي السيد عبده أبو سيد
_eمؤلف
245 0 _aالصناعات الصغيرة ودورها في التنمية المحلية /
_c فتحي السيد عبده أبو سيد أحمد
260 _aالإسكندرية:
_bمؤسسة الكتاب الجامعي,
_c2005
300 _a288 صفحة؛
_bإيضاحات ؛
_c25 سم
520 _aمشكلة الدراسة وتساؤولاتها- الصناعات الصغيرة ودورها في التنمية- المشكلات التي تواجه الصناعت الصغيرة في مصر- تجارب بعض الدول في مجال الصناعات الصغيرة ووسائل تنمية هذه الصناعات- الإجراءات المنهجية للدراسة- تحليل بيانات الدراسة الميدانية لأصحاب الأعمال
653 _aالتنمية
653 _aالتنمية المحلية
653 _aالصناعت الصغيرة
942 _cكتاب
999 _c43037
_d43037